| 000 | 01067nas a2200265 i 4500 | ||
|---|---|---|---|
| 001 | 893 | ||
| 003 | ES-MaACL | ||
| 005 | 20250511094118.0 | ||
| 007 | t| | ||
| 008 | 950801d19371963sp | | 1 ||pa d | ||
| 245 | 0 | 0 |
_aFotos _b: semanario gráfico / _cdir., Fernando Castán Palomar. |
| 260 |
_a[San Sebastián : _bs.n., _c1937-1963] ( _fTalleres Tipográficos de "Unidad") |
||
| 300 |
_av. ; _c37 cm. |
||
| 310 | _aSemanal | ||
| 362 | 0 | _aAño 1, n. 1 (25 feb. 1937)-año 26, n. 1389 (12 oct. 1963) | |
| 500 | _aDesde marzo 1940 se edita en Madrid. | ||
| 500 | _aVariaciones en el subtít. | ||
| 530 | _aDisponible en formato digital. | ||
| 650 | 1 | 4 |
_aRevistas de información general. _916896 |
| 700 | 1 |
_aCastán Palomar, Fernando, _d1898-1963 _936390 |
|
| 852 |
_aES-MaACL _jHEM-GF-60 |
||
| 856 |
_uhttp://bibliotecavirtual.malaga.es/i18n/consulta/registro.cmd?id=17931 _zBiblioteca Virtual de Málaga |
||
| 866 | 0 | _o(1943 nº 347-356) 1944-52(1953f.n.827y851y858y863)1954(1955f.n.949y974)(1956f.n.1013)1957(1958f.n.1122)1959-60. | |
| 999 |
_c893 _d893 |
||